00454pab a2200145 454500008004000000100002100040245006500061260000900126300001600135362001400151650003700165650003800202650003400240773003400274180718b1995 xxu||||| |||| 00| 0 eng d aDasgupta, Biplab aInstitutional reforms and poverty alleviation in West Bengal c1995 ap.2691-2702 a14-21 Oct aRural poor - India - West Bengal aLand tenure - India - West Bengal aPoverty - India - West Bengal aEconomic and Political Weekly